Central Library OPAC University of Rajshahi

Chemistry / (Record no. 53277)

MARC details
000 -LEADER
fixed length control field 00729nam a2200253 a 4500
001 - CONTROL NUMBER
control field 53277
003 - CONTROL NUMBER IDENTIFIER
rucl marc code BD-RJUL
005 - DATE AND TIME OF LATEST TRANSACTION
control field 20211209075934.0
008 - FIXED-LENGTH DATA ELEMENTS--GENERAL INFORMATION
fixed length control field 161004s1969 njua 001 0 eng
020 ## - INTERNATIONAL STANDARD BOOK NUMBER
International Standard Book Number 0131289268
035 ## - SYSTEM CONTROL NUMBER
System control number BD-RJUL 53397
040 ## - CATALOGING SOURCE
Original cataloging agency DLC
Transcribing agency DLC
Modifying agency UKM
-- EQO
Language of cataloging eng
041 ## - LANGUAGE CODE
Language code of text/sound track or separate title eng
082 ## - DEWEY DECIMAL CLASSIFICATION NUMBER
Classification number 540
Author mark and year QUC 1969
100 1# - MAIN ENTRY--PERSONAL NAME
Personal name Quagliano, James V.
Fuller form of name (James Vincent),
Dates associated with a name 1915-
9 (RLIN) 159250
245 00 - TITLE STATEMENT
Title Chemistry /
Statement of responsibility, etc. [by] J. V. Quagliano and L. M. Vallarino.
250 ## - EDITION STATEMENT
Edition statement 3d ed.
260 ## - PUBLICATION, DISTRIBUTION, ETC. (IMPRINT)
Place of publication, distribution, etc. Englewood Cliffs, N.J. :
Name of publisher, distributor, etc. Prentice-Hall,
Date of publication, distribution, etc. [1969]
300 ## - PHYSICAL DESCRIPTION
Pagination xv, 844 p. :
Illustrations ill. ;
Size 27 cm.
650 #0 - SUBJECT ADDED ENTRY--TOPICAL TERM
Topical term or geographic name as entry element Chemistry.
9 (RLIN) 159251
700 1# - ADDED ENTRY--PERSONAL NAME
Personal name Vallarino, L. M.
942 ## - ADDED ENTRY ELEMENTS (KOHA)
Source of classification or shelving scheme Dewey Decimal Classification
Koha item type Books
Holdings
Lost status Source of classification or shelving scheme Damaged status Not for loan Collection code Permanent Location Current Location Shelving location Date acquired Source of acquisition Total Checkouts Full call number Date last seen Copy number Koha item type
  Dewey Decimal Classification     Non-fiction Central Library, University of Rajshahi Central Library, University of Rajshahi   20/10/1990 Canada   540 QUC 1969 04/10/2016 C-2 Books